Bhoothabhoomi/ (Record no. 5435)

000 -LEADER
fixed length control field 00398nam a22001451a 4500
082 ## - DEWEY DECIMAL CLASSIFICATION NUMBER
Classification number M3
Item number PRA/B
100 ## - MAIN ENTRY--PERSONAL NAME
Personal name Prabhakaran N
9 (RLIN) 69897
245 ## - TITLE STATEMENT
Title Bhoothabhoomi/
Statement of responsibility, etc. by Prabhakaran N
260 ## - PUBLICATION, DISTRIBUTION, ETC.
Place of publication, distribution, etc. Kottayam:
Name of publisher, distributor, etc. Sahitya Pravartaka Co-operative Society,
Date of publication, distribution, etc. 2008.
300 ## - PHYSICAL DESCRIPTION
Extent 66p.
650 ## - SUBJECT ADDED ENTRY--TOPICAL TERM
Topical term or geographic name entry element Novel Malayalam
9 (RLIN) 69898
650 ## - SUBJECT ADDED ENTRY--TOPICAL TERM
Topical term or geographic name entry element Literature Malayalam
9 (RLIN) 69899
650 ## - SUBJECT ADDED ENTRY--TOPICAL TERM
Topical term or geographic name entry element Literature
9 (RLIN) 69900
942 ## - ADDED ENTRY ELEMENTS (KOHA)
Koha item type Book
Holdings
Withdrawn status Lost status Damaged status Not for loan Permanent Location Current Location Date acquired Cost, normal purchase price Total Checkouts Full call number Barcode Date last seen Date last checked out Cost, replacement price Price effective from Koha item type
        Sree Sankaracharya University of Sanskrit Sree Sankaracharya University of Sanskrit 08.01.2015 55.00 2 M3 PRA/B 061122 24.04.2023 06.12.2022 0.00 08.01.2015 Book
        Sree Sankaracharya University of Sanskrit Sree Sankaracharya University of Sanskrit 08.01.2015 55.00   M3 PRA/B 006310 08.01.2015   0.00 08.01.2015 Book
        Sree Sankaracharya University of Sanskrit Sree Sankaracharya University of Sanskrit 08.01.2015 55.00   M3 PRA/B 065356 12.03.2015   0.00 08.01.2015 Book